Heating With Solid Fuel in Slovak Dwellings: A GWR Approach
Tento príspevok sa zaoberá priestorovou regresnou analýzou pre 79 slovenských okresov s ohľadom na prioritu „nízkouhlíkovej a zelenšej Európy“.
Enregistré dans:
| Auteur principal: | |
|---|---|
| Format: | Chapitre de livre |
| Langue: | anglais |
| Sujets: | |
| Tags: |
Pas de tags, Soyez le premier à ajouter un tag!
|
MARC
| LEADER | 00000naa$a2200000$$$4500 | ||
|---|---|---|---|
| 001 | 0296396 | ||
| 005 | 20240517085030.3 | ||
| 041 | 0 | |a eng | |
| 044 | |a SK | ||
| 245 | 1 | 0 | |a Heating With Solid Fuel in Slovak Dwellings: A GWR Approach |c Michaela Chocholatá |
| 520 | |a Tento príspevok sa zaoberá priestorovou regresnou analýzou pre 79 slovenských okresov s ohľadom na prioritu „nízkouhlíkovej a zelenšej Európy“. | ||
| 610 | 2 | 0 | |a analýza regresná |
| 610 | 2 | 0 | |a palivá pevné |
| 610 | 2 | 0 | |a energetika |
| 610 | 2 | 0 | |a zdroje energie |
| 610 | 2 | 0 | |a bývanie |
| 610 | 2 | 0 | |a environmentalistika |
| 610 | 2 | 0 | |a regióny |
| 610 | 2 | 0 | |a Slovensko |
| 100 | 1 | |a Chocholatá, Michaela, 1977- | |